| 000 | 00920nam a22002657a 4500 | ||
|---|---|---|---|
| 005 | 2010071009019.0 | ||
| 008 | 100710t xxu||||| |||| 00| 0 eng d | ||
| 010 | _aENG-96377 | ||
| 020 |
_a9780070700796 _c395.00 |
||
| 035 | _aEN-79910 | ||
| 037 | _bDBAD/PUB | ||
| 040 |
_aDPL _bEng |
||
| 082 | _a658.15 | ||
| 100 | _aChandra, Prasanna | ||
| 245 |
_aFundamentals of financial management / _cby Prasanna Chandra |
||
| 250 | _a5th ed | ||
| 260 |
_aNew Delhi _bTata McGraw Hill Publishing _c2010 |
||
| 270 |
_a7, West Patel Nagar _bNew Delhi _e110008 |
||
| 300 |
_avarious pagings _c24cm. (pbk) |
||
| 500 | _aIncludes index. | ||
| 650 |
_aCorporations _xFinance. |
||
| 650 |
_aBusiness enterprises _xFinance. |
||
| 942 |
_2ddc _cEN _mCHA _h658.15 |
||
| 999 |
_c36879 _d36879 |
||